| 000 | 00672nam a22002177a 4500 | ||
|---|---|---|---|
| 005 | 20140517061920.0 | ||
| 008 | 011113s2002 ja b i001 0 eng | ||
| 020 | _a9280810642 | ||
| 024 | 0 | _ceng | |
| 080 | _a339.5 | ||
| 245 | 0 | 0 |
_aTrade, environment, and the millennium / _cedited by Gary P. Sampson and W. Bradnee Chambers. |
| 250 | _a2nd ed. | ||
| 260 |
_aTokyo ; _aNew York : _bUnited Nations University Press, _c2002. |
||
| 300 |
_a450 f. ; _c23 cm. |
||
| 504 | _aIncludes bibliographical references and index. f. 400-450 | ||
| 650 | 0 | _aTregtia Ndërkombëtare | |
| 700 | 1 | _aSampson, Gary P. | |
| 700 | 1 | _aChambers, W. Bradnee. | |
| 942 |
_2udc _cBK |
||
| 999 |
_c446 _d446 |
||